000
00439nam a22001337a 4500
003
SGT
020
_a
8188712094
082
_a
301.2
_b
A04K
100
_a
कमल, एम. पी.
245
_a
अंतर्राष्ट्रीय ख्याति प्राप्त: भारतीय साहित्यकार
260
_b
कीर्तिमान प्रकाशन
_c
2004
300
_a
184
942
_2
ddc
_c
BK
999
_c
29569
_d
29569